| 000 | 00791cam a22002057i 4500 | ||
|---|---|---|---|
| 003 | OSt | ||
| 005 | 20180307173658.0 | ||
| 008 | 1703 s2016 sp a b 000 0 spa d | ||
| 020 | _a9788494634307 | ||
| 040 |
_bcat _cCDMR |
||
| 100 | 1 | _aValiña, Carmen V., | |
| 245 | 1 | 3 |
_aEl mundo árabo-islámico como ellas nos lo contaron _b: las periodistas de TVE en Oriente Medio y Norte de África : cuatro décadas de información con nombre de mujer _c/ Carmen V. Valiña |
| 260 |
_aMadrid : _bClave Intelectual, _c2016 |
||
| 300 |
_a263 pàgines : _bil·lustracions ; _c22 cm. |
||
| 504 | _aBibliografia. | ||
| 650 | 0 | 4 |
_aCorresponsals estrangers _zPaïsos àrabs _92802 |
| 650 | 0 | 4 |
_aCorresponsals estrangers _zÀfrica del nord _92802 |
| 650 | 4 |
_aDones periodistes _zEspanya _92913 |
|
| 942 |
_cMON _2udc |
||
| 999 |
_c7008 _d7008 |
||